000 00413cam a22001097a 4500
008 180718b1955 xxu||||| |||| 00| 0 eng d
082 _aK312x4 2nd
100 _aNational Advisory Committee
245 _aNational advisory committee on the employment of older men and women : second report
_cby National Advisory Committee, United Kingdom
260 _aLondon
_bHer Majesty's Stationery Office
_c1955
300 _a28+p.
999 _c428677
_d428677